|
|
|
|
| LEADER |
00000nas a2200000 a 4500 |
| 001 |
ssj0036079 |
| 003 |
WaSeSS |
| 005 |
20200512172242.0 |
| 006 |
m d |
| 007 |
cr n |
| 008 |
070228c19889999bl fr pss 0 0por c |
| 010 |
|
|
|a 2017251018
|
| 016 |
7 |
|
|a 016360818
|2 DE-101
|
| 016 |
7 |
|
|a 977752119
|2 DE-101
|
| 016 |
7 |
|
|a 1106200-9
|2 DE-600
|
| 016 |
7 |
|
|a 2213865-1
|2 DE-600
|
| 016 |
7 |
|
|a 007856451
|2 Uk
|
| 022 |
|
|
|a 2178-1494
|l 0103-2186
|y 0103-2186
|
| 035 |
|
|
|a (WaSeSS)ssj0036079
|
| 037 |
|
|
|b Secretaria da Revista Estudos Históricos, Praia de Botafogo, 190, 14º andar, 22523-900 - Rio de Janeiro - RJ
|
| 040 |
|
|
|a OCLCS
|b eng
|e pn
|c OCLCS
|d OCLCS
|d OCLCQ
|d OCLCE
|d NTE
|d OCLCQ
|d OCLCF
|d CUS
|d OCLCO
|d OCLCQ
|d NRC
|d UAB
|d STF
|d UMC
|d EUX
|d CUD
|d FIE
|d VT2
|d LND
|d OCLCQ
|d WaSeSS
|
| 041 |
0 |
|
|a por
|b eng
|b fre
|
| 042 |
|
|
|a pcc
|
| 043 |
|
|
|a s-bl---
|
| 050 |
1 |
4 |
|a F2510
|b .E589
|
| 082 |
0 |
4 |
|a 981/.005
|2 20
|
| 130 |
0 |
|
|a Estudos históricos (Rio de Janeiro, Brazil)
|
| 210 |
1 |
0 |
|a Estud. hist.
|b (Rio J.)
|
| 245 |
1 |
0 |
|a Estudos históricos
|h [electronic resource].
|
| 246 |
1 |
|
|i Available from some providers with title:
|a Revista estudos históricos
|
| 260 |
|
|
|a Rio de Janeiro :
|b Associação de Pesquisa e Documentação Histórica,
|c 1988-
|
| 310 |
|
|
|a Semiannual
|
| 362 |
1 |
|
|a Began with 1.
|
| 506 |
|
|
|a License restrictions may limit access.
|
| 546 |
|
|
|a In Portuguese, with English and French summaries.
|
| 550 |
|
|
|a Issued by: Centro de Pesquisa e Documentação de História Contemporânea do Brasil da Fundação Getúlio Vargas, <2006->
|
| 550 |
|
|
|a Research performed at CPDOC/FGV.
|
| 588 |
|
|
|a Description based on print version record.
|
| 588 |
|
|
|a Latest issue consulted: Vol. 30, no 61 (maio/agosto 2017).
|
| 650 |
|
7 |
|a Civilization.
|2 fast
|0 (OCoLC)fst00862898
|
| 651 |
|
0 |
|a Brazil
|x Civilization
|v Periodicals.
|
| 651 |
|
7 |
|a Brazil.
|2 fast
|0 (OCoLC)fst01206830
|
| 655 |
|
0 |
|a Electronic journals.
|
| 710 |
2 |
|
|a Associação de Pesquisa e Documentação Histórica.
|
| 710 |
2 |
|
|a Centro de Pesquisa e Documentação de História Contemporânea do Brasil (Fundação Getúlio Vargas)
|
| 776 |
0 |
8 |
|i Print version:
|t Estudos históricos (Rio de Janeiro, Brazil)
|x 0103-2186
|w (DLC) 89661348
|w (OCoLC)18426736
|
| 856 |
4 |
0 |
|z Full text available from PRISMA Database with HAPI Index: 01/01/2012 to 01/31/2017
|u https://search.proquest.com/publication/15416
|